|
|
|
|
| LEADER |
02044nam a2200481 i 4500 |
| 001 |
EBC5896809 |
| 003 |
MiAaPQ |
| 005 |
20191024084904.0 |
| 006 |
m o d | |
| 007 |
cr cnu|||||||| |
| 008 |
191024s2019 nyu ob 001 0 eng d |
| 020 |
|
|
|z 9781438475639
|
| 020 |
|
|
|a 9781438475653 (e-book)
|
| 035 |
|
|
|a (MiAaPQ)EBC5896809
|
| 035 |
|
|
|a (Au-PeEL)EBL5896809
|
| 035 |
|
|
|a (OCoLC)1119664949
|
| 040 |
|
|
|a MiAaPQ
|b eng
|e rda
|e pn
|c MiAaPQ
|d MiAaPQ
|
| 043 |
|
|
|a r------
|
| 050 |
|
4 |
|a QC981.8.G56
|b .B54 2019
|
| 082 |
0 |
|
|a 363.73874609113
|2 23
|
| 245 |
0 |
4 |
|a The big thaw :
|b policy, governance, and climate change in the circumpolar north /
|c edited by Ezra Zubrow, Errol Meidinger, Kim Diana Connolly.
|
| 264 |
|
1 |
|a Albany, New York :
|b Sunny Press,
|c [2019]
|
| 264 |
|
4 |
|c 2019
|
| 300 |
|
|
|a 1 online resource (474 pages).
|
| 336 |
|
|
|a text
|b txt
|2 rdacontent
|
| 337 |
|
|
|a computer
|b c
|2 rdamedia
|
| 338 |
|
|
|a online resource
|b cr
|2 rdacarrier
|
| 490 |
1 |
|
|a SUNY series in environmental governance
|
| 504 |
|
|
|a Includes bibliographical references and index.
|
| 588 |
|
|
|a Description based on print version record.
|
| 590 |
|
|
|a Electronic reproduction. Ann Arbor, MI : ProQuest, 2018. Available via World Wide Web. Access may be limited to ProQuest affiliated libraries.
|
| 650 |
|
0 |
|a Global warming.
|
| 650 |
|
0 |
|a Climatic changes.
|
| 651 |
|
0 |
|a Arctic regions
|x Climate.
|
| 651 |
|
0 |
|a Arctic regions
|x Environmental conditions.
|
| 655 |
|
4 |
|a Electronic books.
|
| 700 |
1 |
|
|a Zubrow, Ezra B. W.,
|e editor.
|
| 700 |
1 |
|
|a Meidinger, Errol,
|e editor.
|
| 700 |
1 |
|
|a Connolly, Kim Diana,
|e editor.
|
| 776 |
0 |
8 |
|i Print version:
|t Big thaw : policy, governance, and climate change in the circumpolar north.
|d Albany, New York : Sunny Press, c2019
|h 474 pages
|k SUNY series in environmental governance.
|z 9781438475639
|w (DLC) 2018043675
|
| 797 |
2 |
|
|a ProQuest (Firm)
|
| 830 |
|
0 |
|a SUNY series in environmental governance.
|
| 856 |
4 |
0 |
|u https://ebookcentral.proquest.com/lib/matrademy/detail.action?docID=5896809
|z Click to View
|